A testnevelés és sport formális nevelő hatása az akaratra és értelemre

Elmentve itt :
Bibliográfiai részletek
Szerző: Börcsök Mária
További közreműködők: Mester János (Témavezető)
Paál Józsefné (Témavezető)
Dokumentumtípus: Disszertáció
Megjelent: 1945
Kulcsszavak:Filozófia
Tárgyszavak:
Online Access:http://doktori.ek.szte.hu/9379
LEADER 00753nta a2200205 i 4500
001 dokt9379
005 20200407125033.0
008 200407s1945 hu om 0|| hun d
040 |a SZTE Doktori Repozitórium  |b hun 
041 |a hun 
100 1 |a Börcsök Mária 
245 1 2 |a A testnevelés és sport formális nevelő hatása az akaratra és értelemre  |h [elektronikus dokumentum] /  |c  Börcsök Mária 
260 |c 1945 
502 |a Disszertacio 
650 4 |a filozófiai tudományok 
650 4 |a Filozófia, tudománytörténet és tudományfilozófia 
695 |a Filozófia 
700 0 1 |a Mester János  |e ths 
700 0 1 |a Paál Józsefné  |e ths 
856 4 0 |u https://doktori.bibl.u-szeged.hu/id/eprint/9379/1/doktori_1945_borcsok_maria.pdf  |z Dokumentum-elérés